000 00393nam a2200157Ia 4500
008 230917s9999||||xx |||||||||||||| ||und||
040 _e112128
_aMAIN
041 _aEnglish
082 _a658.3 M489S
100 _aMello, Jeffrey A
245 0 _aStrategic human resource managment.
250 _a4th. ed.
260 _aSingapore
_bThomson Asia
_c2002
300 _axv, 475 p.
942 _cBK
999 _c131785
_d131785